| 000 | 01084nam a2200301 i 4500 | ||
|---|---|---|---|
| 001 | 000048876 | ||
| 003 | DO-SdBNP | ||
| 005 | 20250621074009.0 | ||
| 007 | ta | ||
| 008 | 190424s2016 dr a r 000 0 spa d | ||
| 020 | _a9789945086379 | ||
| 040 |
_aDO-SdBNP _bspa _cBNPHU _erda |
||
| 082 | 4 |
_a320.97293 _bR466d, 2016 _222 |
|
| 100 | 1 |
_aReynoso Sicard, Eduardo Stormy _970378 _eautor |
|
| 245 | 1 | 0 |
_aDemocracia dominicana : _b18 Enero 1962-27 Febrero 1963 / _cEduardo Stormy Reynoso Sicard; corrección Rafael González Tirado. |
| 264 |
_aSanto Domingo : _bSanto Domingo : _c2016. |
||
| 300 |
_a896 páginas : _biustraciones ; _c23 cm. |
||
| 336 |
_2rdacontent _atexto _btxt |
||
| 337 |
_2rdamedia _asin mediación _bn |
||
| 338 |
_2rdacarrier _avolumen _bnc |
||
| 504 | _aBibliografía : p. 895-896 | ||
| 590 | _aInventariado, 2023 /MFF | ||
| 650 | 4 |
_aDemocracia _zRepública Dominicana _96412 |
|
| 651 | 0 |
_aRepública Dominicana _xPolítica y gobierno _945 |
|
| 700 | 1 |
_aGonzález Tirado, Rafael, _ecorr. _93030 |
|
| 910 | _aValidado. Control de calidad MFF | ||
| 942 |
_2ddc _cLBS1 |
||
| 999 |
_c48364 _d48364 |
||